|
|
|
|
| LEADER |
00000cam a2200000 i 4500 |
| 001 |
1/98991 |
| 008 |
081208s1949 gre d |
| 035 |
|
|
|l 10102292
|
| 040 |
|
|
|a GR-MY-UA
|b gre
|e aacr
|
| 041 |
1 |
|
|a gre
|h eng
|
| 082 |
0 |
|
|a 822.33
|2 (22)
|
| 100 |
1 |
|
|a Shakespeare, William,
|d 1564-1616.
|
| 245 |
1 |
0 |
|a Δωδέκατη νύχτα ; Όνειρο καλοκαιρινής νύχτας :
|b κωμωδίες /
|c Ουΐλλιαμ Σαίξπηρ ; μετάφραση Βασίλη Ρώτα ; εισαγωγή Arthur Sewell
|
| 260 |
|
|
|a [Αθήνα] :
|b Ίκαρος,
|c [1949]
|
| 300 |
|
|
|a 200 σ.;
|c 20 εκ.
|
| 600 |
1 |
0 |
|a Shakespeare, William,
|d 1564-1616.
|
| 650 |
0 |
0 |
|a Comedies.
|
| 650 |
0 |
0 |
|a English drama.
|
| 700 |
1 |
|
|a Sewell, Arthur.
|4 aui
|
| 700 |
1 |
|
|4 trl
|a Ρώτας, Βασίλης,
|d 1889-1977.
|
| 852 |
|
|
|a INST
|b RHODES
|c AKA
|e 20081208
|h 822.33 SHA
|p 005400031608
|q 005400031608
|t BK
|y 0
|
| 901 |
|
|
|a BIBL4-2008-3
|
| 909 |
|
|
|a Ρ
|b 156685
|
| 970 |
|
|
|a ΚΟΖΑ
|b ΜΑΡΙΑ
|z 2008/12/08
|